| 000 | 00820nam a2200229 a 4500 | ||
|---|---|---|---|
| 001 | 44332 | ||
| 003 | BD-RjUL | ||
| 005 | 20211209053835.0 | ||
| 008 | 160717s2016 bg ||||| |||| 00| 0 ben d | ||
| 020 |
_a9789849152620 _c: Tk.500.00 |
||
| 035 | _a(BD-RjUL)44450 | ||
| 040 |
_aBD-RjUL _bben _cBD-RjUL _dBD-RjUL |
||
| 041 | _aben | ||
| 082 |
_223 _a121 _bCHA 2016 |
||
| 100 |
_aচক্রবর্ত্তী, সুপ্রিয় কুমার _9136072 |
||
| 245 | 1 | 0 |
_aআপন আলয় / _cসুপ্রিয় কুমার চক্রবর্ত্তী |
| 260 |
_aঢাকা : _bমহাকাল, _c২০১৬ |
||
| 300 |
_a২৭০ পৃ. ; _c২১ সেমি. |
||
| 650 |
_aজ্ঞান _vতত্ত্ব _9136073 |
||
| 650 |
_aKnowledge _vTheory of _9136074 |
||
| 942 |
_2ddc _cBK |
||
| 999 |
_c44332 _d44332 |
||